[Event "COL-ch disabled 2nd"]
[Site "Cali"]
[Date "2008.10.25"]
[Round "1.1"]
[White "Molina, Gildardo"]
[Black "Palma, Jesus Alirio"]
[Result "1-0"]
[WhiteElo "1917"]
[BlackElo "1600"]
[PlyCount "25"]
[EventDate "2008.10.25"]
[EventType "swiss"]
[EventRounds "7"]
[EventCountry "COL"]
[SourceTitle "EXT 2024"]
[Source "ChessBase"]
[SourceDate "2023.10.10"]
[SourceVersion "1"]
[SourceVersionDate "2023.10.10"]
[SourceQuality "1"]

1. e4 e5 2. Nf3 Nc6 3. Bc4 d6 4. d4 Qf6 5. Nc3 Be6 6. d5 Nd4 7. dxe6 Nxe6 8. Be3 c6 9. Qd2 h6 10. 0-0 Ne7 11. Rad1 Rd8 12. Bxa7 Nf4 13. Qe3 1-0